00627nam a22001097a 4500040000800000082003200008100003600040245030600076260002600382300002200408856008700430 cRUA aVEM KOR 2024 B1.330 Or.1 aKORB SEYHA, កប សីហា aGastro-Intestinal parasites in chicken At Snayanhcit commune, Chumkirict, kampot province, បរាសិតក្នុងប្រដាប់រំលាយអាហារមាន់នៅឃុំស្នាយអញ្ចិត ស្រុកជុំគីរី ខេត្តកំពត, aPHNOM PENHbRUAc2024 axii,bill,c29cm, uhttps://drive.google.com/file/d/1hH9p3YpZ5XDmLxYqQ_5Rd-KbTuILLWr8/view?usp=sharing